000 00479nam a22001697a 4500
999 _c63318
_d63318
005 20250812133109.0
008 250812c2024 ge ||||| |||| 00| 0 eng d
022 _a01321447
041 _aeng
245 _aBulletin=მოამბე :
_b2024 /
_cEditor R. Metreveli.
260 _aTbilisi,
300 _aV.
653 _aმოამბე
653 _aპერიოდიკა
700 _aMetreveli, R.
_eმთ. რედაქტორი
_925753
942 _2udc
_cCR